MARC

LEADER 00000nam0a2200000 4500
001 271414
005 20231101234432.0
035 |a (RuTPU)RU\TPU\book\294596 
090 |a 271414 
100 |a 20141007d1980 k y0rusy50 ca 
101 0 |a rus 
102 |a RU 
105 |a a z 001zy 
200 1 |a Исследования по химии, технологии и применению радиоактивных веществ  |e межвузовский сборник научных трудов  |f Ленинградский технологический институт им. Ленсовета (ЛТИ) 
210 |a Ленинград  |c [Б. и.]  |d 1980 
215 |a 156 с.  |c ил. 
320 |a Библиография в конце статей 
606 1 |a Радиоактивные элементы  |x Химия  |2 stltpush  |3 (RuTPU)RU\TPU\subj\22446  |9 47201 
610 1 |a радиоактивные вещества 
610 1 |a технология 
610 1 |a применение 
610 1 |a природная среда 
610 1 |a радиоактивные загрязнения 
610 1 |a охрана 
610 1 |a математическое моделирование 
610 1 |a полимерные покрытия 
610 1 |a плутоний 
610 1 |a миграция 
610 1 |a кинетика 
610 1 |a спектрометрические исследования 
610 1 |a гематит 
610 1 |a растворение 
610 1 |a радиоэкология 
610 1 |a атомные энергетические установки 
610 1 |a водно-химические режимы 
610 1 |a радиоактивные изотопы 
610 1 |a сорбционное разделение 
610 1 |a экстракционное разделение 
610 1 |a концентрирование 
610 1 |a ионообменные материалы 
610 1 |a радиационная устойчивость 
610 1 |a термическая устойчивость 
675 |a 546.79  |v 3 
712 0 2 |a Ленинградский технологический институт им. Ленсовета (ЛТИ)  |2 stltpush  |3 (RuTPU)RU\TPU\col\1462 
801 1 |a RU  |b 63413507  |c 20141007 
801 2 |a RU  |b 63413507  |c 20160610  |g RCR 
942 |c BK